• 首页
  • 本馆介绍
  • 公告通知
  • 最新文献
  • 馆藏检索
  • 电子资源
  • 读者导购
  • 参考咨询
  • 我的图书馆
  • 登录
  • 详细信息显示
  • 放入我的书架
  • 预约/预借图书
  • 作者相关作品
  • 分类相关作品
  • 丛书相关作品
  • 出版社相关作品

书目信息

  • 表格格式
  • 工作单格式
  • 卡片格式
题名:
大学数学
    
 
作者: 李志林 , 涂庆伟 , 王强 主编
分册:   线性代数
出版信息: 镇江   江苏大学出版社  2021.2
页数: 168页
开本: 24cm
丛书名:
单 册:
中图分类: O13 , O151.2
科图分类:
主题词: 高等数学--高等学校--教材 , 线性代数--高等学校--教材
电子资源:
ISBN: 978-7-5684-0510-2
000 00933nam0 2200289 45
001 012001000849
005 20130912085001.0
010    @a978-7-5684-0510-2@dCN36.00
100    @a20171012d2017 em y0chiy50 ea
101 0  @achi
102    @aCN@b320000
105    @ay z 000yy
106    @ar
200 1  @a大学数学@Ada xue shu xue@i线性代数@b专著@f李志林,涂庆伟,王强主编
210    @a镇江@c江苏大学出版社@d2021.2
215    @a168页@d24cm
300    @a应用型本科系列规划教材
330    @a本书包括行列式、矩阵、线性方程组、矩阵的对角化、二次型等五章内容,并附有部分习题答案与提示。
606 0  @a高等数学@x高等学校@j教材
606 0  @a线性代数@x高等学校@j教材
690    @aO13@v5
690    @aO151.2@v5
701  0 @a李志林@Ali zhi lin@f(1964~)@4主编
701  0 @a涂庆伟@Atu qing wei@f(1978~)@4主编
701  0 @a王强@Awang qiang@f(1979.4~)@4主编
801  0 @aCN@bBJSDL@c20211011
905    @b1336022-5@dO13@e1059@f4
    
    大学数学.线性代数/李志林,涂庆伟,王强主编.-镇江:江苏大学出版社,2021.2
    168页;24cm
    应用型本科系列规划教材
    
    ISBN 978-7-5684-0510-2:CN36.00
    本书包括行列式、矩阵、线性方程组、矩阵的对角化、二次型等五章内容,并附有部分习题答案与提示。
●
相关链接 在E读中查询图书 在五车中查询图书 在当当中查询图书 在豆瓣中查询图书


正题名:大学数学     索取号:O13/1059         预约/预借

序号 登录号 条形码 馆藏地/架位号 状态 备注
1 1336022   213360227   第二样本阅览室/ [索取号:O13/1059] 在馆    
2 1336023   213360236   第三借阅区/ [索取号:O13/1059] 在馆    
3 1336024   213360245   第三借阅区/ [索取号:O13/1059] 在馆    
4 1336025   213360254   第三借阅区/ [索取号:O13/1059] 在馆    
唐山师范学院图书馆 欢迎您!
大连网信软件有限公司© 版权所有